University Home | Library Home | Institutional Repository

Urology, guide for diagnosis and therapy / (Record no. 46432)

MARC details
000 -LEADER
fixed length control field 00862cam6a220025300 4500
001 - CONTROL NUMBER
control field qce01513379
005 - DATE AND TIME OF LATEST TRANSACTION
control field 20190814091604.0
008 - FIXED-LENGTH DATA ELEMENTS--GENERAL INFORMATION
fixed length control field 820701s1982 gw a 001 0 eng d
035 ## - SYSTEM CONTROL NUMBER
System control number (Sirsi) r42727
035 ## - SYSTEM CONTROL NUMBER
System control number (QCAT)lss03470752
035 ## - SYSTEM CONTROL NUMBER
System control number (UPRA)qce01513379
040 ## - CATALOGING SOURCE
Modifying agency UPRA
060 ## - NATIONAL LIBRARY OF MEDICINE CALL NUMBER
Classification number WJ100
Item number A415u 1982
100 1# - MAIN ENTRY--PERSONAL NAME
Personal name Alken, Carl-Erich.
Linkage A529.1
245 10 - TITLE STATEMENT
Title Urology, guide for diagnosis and therapy /
Statement of responsibility, etc. Carl-Erich Alken and Jurgen Sokeland with Rainer M.E. Engel.
260 ## - PUBLICATION, DISTRIBUTION, ETC.
Place of publication, distribution, etc. Stuttgart ; New York :
-- Stuttgart ; New York :
Name of publisher, distributor, etc. Thieme,
Date of publication, distribution, etc. 1982.
500 ## - GENERAL NOTE
General note Translation of: Urologie.
650 #2 - SUBJECT ADDED ENTRY--TOPICAL TERM
Topical term or geographic name entry element Urologic Diseases
Linkage S521.1
700 1# - ADDED ENTRY--PERSONAL NAME
Personal name Sokeland, Jurgen, 1933-
Dates associated with a name Sokeland, Jurgen, 1933-
Linkage A530.1
700 1# - ADDED ENTRY--PERSONAL NAME
Personal name Engel, Rainer M. E.
Linkage A531.1
740 0# - ADDED ENTRY--UNCONTROLLED RELATED/ANALYTICAL TITLE
Uncontrolled related/analytical title Urologie.
949 ## - LOCAL PROCESSING INFORMATION (OCLC)
a RC874
w LC
i -52296
m MEDICAL
t BOOK
l ON-SHELF

No items available.

© 2026 - The University of Zambia Library - Koha v25.11